[Event "CZE Extraliga 2019-20"]
[Site "Czech Republic"]
[Date "2019.10.12"]
[Round "1"]
[White "Navara, David"]
[Black "Nasuta, Grzegorz"]
[Result "1-0"]
[WhiteElo "2717"]
[BlackElo "2534"]
[Annotator "TA"]
[PlyCount "81"]
[EventDate "2019.10.12"]
[EventType "team-tourn"]
[EventCountry "CZE"]
[SourceTitle "playchess.com"]
[Source "ChessBase"]
[SourceQuality "1"]
[WhiteTeam "Novoborsky"]
[BlackTeam "Poruba"]
[WhiteTeamCountry "CZE"]
[BlackTeamCountry "POL"]

{[%evp 17,107,26,48,0,10,0,7,0,18,0,0,0,0,0,30,20,20,19,30,23,18,6,4,0,0,12,0,15,16,0,7,0,39,20,14,-1,35,26,25,0,0,0,0,0,0,0,0,0,83,77,193,182,668,668,679,667,687,681,680,680,680,668,629,603,1231,1331,1251,1247,1091,1060,1040,1023,2235,1914,2437,1873,1252,1143,1119,1070,1099,977,29988,29989,29989,29990,29990,29991,29991,29990,29990,29991]} 1. e4 e5 2. Nf3 Nc6 3. Bb5 a6 4. Ba4 Nf6 5. O-O b5 6. Bb3 Bc5 7. a4 Rb8 8. c3 d6 9. d4 Bb6 10. a5 {C78: Ruy Lopez: Archangelsk and Möller Defences} Ba7 $1 11. h3 O-O 12. Be3 {The position is equal.} Ra8 13. Re1 h6 14. Nbd2 exd4 {[#]} 15. Nxd4 $146 ({Predecessor:} 15. cxd4 Nb4 16. e5 Nfd5 17. Ne4 Nxe3 18. Rxe3 {1-0 (32) Caruana,F (2799)-Jones,G (2668) Douglas 2017}) 15... Nxd4 16. Bxd4 c5 17. Bxf6 Qxf6 18. Bd5 Rb8 19. Qf3 Qg5 20. Rad1 c4 21. Nf1 {[%cal Bd2f1,Bf1e3,Be3g4][%mdl 32]} Be6 22. Ne3 Bc5 23. Kh2 Rfe8 24. g3 Qe5 25. Ng4 Qg5 26. Ne3 Qe5 27. Kg2 h5 28. Nf5 (28. Qf4 {is more complex.} g6 29. Qxe5 dxe5 30. Bxe6 fxe6 31. Rd7) 28... Bxd5 29. exd5 Qxe1 30. Rxe1 Rxe1 31. Qxh5 g6 32. Qg5 Re2 {[#]} (32... Re5 $1 $11 33. Nh6+ Kg7) 33. Nh6+ $1 $40 {[%mdl 128] White is out for blood.} Kf8 (33... Kg7 $16 34. Ng4 Rh8) 34. Ng4 $18 Rxb2 $2 (34... Rbe8 35. h4 Rc2) 35. Qh6+ Ke7 36. Qh4+ Kd7 37. Nf6+ Kc7 38. Ne4 Re8 39. Nxc5 dxc5 {[%mdl 4096] Endgame KQ-KRR} 40. Qf4+ {[%mdl 64] Double Attack} Kc8 {intending ...Ree2.} 41. Qf6 {Played: Qf4-d6} 1-0

[Event "CZE Extraliga 2019-20"]
[Site "Czech Republic"]
[Date "2019.10.12"]
[Round "1"]
[White "Bartel, Mateusz"]
[Black "Cvek, Robert"]
[Result "1-0"]
[WhiteElo "2635"]
[BlackElo "2517"]
[Annotator "RC"]
[PlyCount "144"]
[EventDate "2019.10.12"]
[EventType "team-tourn"]
[EventCountry "CZE"]
[SourceTitle "playchess.com"]
[Source "ChessBase"]
[SourceQuality "1"]
[WhiteTeam "Novoborsky"]
[BlackTeam "Poruba"]
[TimeControl "40/5400+30:1800+30"]

1. c4 {[%emt 0:00:00]} e6 {[%emt 0:00:00]} 2. g3 {[%emt 0:00:00]} d5 {[%emt 0:00:00]} 3. Bg2 {[%emt 0:00:00]} Nf6 {[%emt 0:00:07]} 4. d4 {[%emt 0:00:00]} Be7 {[%emt 0:00:50]} 5. Nf3 {[%emt 0:00:01]} O-O {[%emt 0:00:37]} 6. O-O {[%emt 0:00:09]} c6 {[%emt 0:00:07]} 7. Nc3 {[%emt 0:04:21]} b6 {[%emt 0:03:06]} 8. Bf4 {[%emt 0:16:51]} Bb7 {[%emt 0:06:26]} 9. Rc1 {[%emt 0:00:45]} Nbd7 {[%emt 0:06:45]} 10. cxd5 {[%emt 0:02:38]} Nxd5 {[%emt 0:09:09]} 11. Nxd5 {[%emt 0:00:54]} exd5 {[%emt 0:00:06]} 12. Qa4 {[%emt 0:06:59]} Re8 {[%emt 0:05:12]} 13. Rxc6 {[%emt 0:04:48]} Bxc6 {[%emt 0:00:17]} 14. Qxc6 {[%emt 0:00:07]} Bf6 {[%emt 0:09:28]} 15. Qxd5 {[%emt 0:09:36]} Nf8 {[%emt 0:02:08]} 16. Ne5 {[%emt 0:02:55]} Bxe5 {[%emt 0:01:40]} 17. Bxe5 {[%emt 0:00:07]} Qxd5 {[%emt 0:03:04]} 18. Bxd5 {[%emt 0:00:07]} Rac8 {[%emt 0:00:04]} 19. Bb3 {[%emt 0:01:19]} b5 {[%emt 0:10:12]} 20. e3 {[%emt 0:01:08]} a5 {[%emt 0:05:32]} 21. a4 {[%emt 0:08:37]} bxa4 {[%emt 0:01:58]} 22. Bxa4 {[%emt 0:00:24]} Red8 {[%emt 0:02:20]} 23. g4 {[%emt 0:00:42]} Nd7 {[%emt 0:00:44]} 24. Bg3 {[%emt 0:01:02]} Nb6 {[%emt 0:00:36]} 25. Ra1 {[%emt 0:07:18]} Nxa4 {[%emt 0:05:39]} 26. Rxa4 {[%emt 0:00:12]} Rd5 {[%emt 0:00:16]} 27. b4 {[%emt 0:01:41]} axb4 {[%emt 0:00:45]} 28. Rxb4 {[%emt 0:00:02]} Rcd8 {[%emt 0:07:52]} 29. h4 {[%emt 0:06:23]} f6 {[%emt 0:03:03]} 30. Kf1 {[%emt 0:02:26]} Re8 {[%emt 0:02:05]} 31. Bf4 {[%emt 0:03:05]} h6 {[%emt 0:02:41]} 32. h5 {[%emt 0:05:00]} Ra5 {[%emt 0:00:44]} 33. Kg2 {[%emt 0:00:12]} Rea8 {[%emt 0:01:46]} 34. Bc7 {[%emt 0:03:02]} R5a7 {[%emt 0:02:28]} 35. Bb8 {[%emt 0:00:38]} Ra2 {[%emt 0:03:11]} 36. Kf3 {[%emt 0:01:48]} Rd2 {[%emt 0:00:57]} 37. Rb7 {[%emt 0:01:08]} Rda2 {[%emt 0:04:53]} 38. d5 {[%emt 0:08:34]} Rd2 {[%emt 0:00:07]} 39. Rb5 {[%emt 0:00:32]} Raa2 {[%emt 0:00:30]} 40. Bg3 {[%emt 0:00:46]} Rdb2 {[%emt 0:01:14]} 41. Rxb2 {[%emt 0:30:41]} Rxb2 {[%emt 0:30:07]} 42. Ke4 {[%emt 0:00:03]} Rb5 {[%emt 0:00:00]} 43. Bc7 {[%emt 0:00:00]} Kf7 {[%emt 0:00:00]} 44. f3 {[%emt 0:00:00]} Rc5 {[%emt 0:00:00]} 45. Bb6 {[%emt 0:00:00]} Rb5 {[%emt 0:00:00]} 46. Bd4 {[%emt 0:00:00]} Ra5 {[%emt 0:00:00]} 47. Bc3 {[%emt 0:00:00]} Rb5 {[%emt 0:00:00]} 48. Kd4 {[%emt 0:00:00]} Rb1 {[%emt 0:00:00]} 49. e4 {[%emt 0:00:00]} Rf1 {[%emt 0:00:00]} 50. Ke3 {[%emt 0:00:00]} Rg1 {[%emt 0:00:00]} 51. Bd2 {[%emt 0:00:00]} Rg2 {[%emt 0:00:00]} 52. Be1 {[%emt 0:00:00]} Ra2 {[%emt 0:00:00]} 53. Bb4 {[%emt 0:00:00]} Rb2 {[%emt 0:00:00]} 54. Bc3 {[%emt 0:00:00]} Rg2 {[%emt 0:00:00]} 55. Bd4 {[%emt 0:00:00]} Ra2 {[%emt 0:00:00]} 56. Kd3 {[%emt 0:00:00]} Rg2 {[%emt 0:00:00]} 57. Bc5 {[%emt 0:00:00]} Ke8 {[%emt 0:00:00]} 58. Ke3 {[%emt 0:00:00]} Kf7 {[%emt 0:00:00]} 59. Kf4 {[%emt 0:00:00]} Rd2 {[%emt 0:00:00]} 60. Kf5 {[%emt 0:00:00]} Rd3 {[%emt 0:00:00]} 61. f4 {[%emt 0:00:00]} Rc3 {[%emt 0:01:32]} 62. Bd6 {[%emt 0:00:00]} Rf3 {[%emt 0:03:03]} 63. e5 {[%emt 0:00:00]} fxe5 {[%emt 0:00:05]} 64. Bxe5 {[%emt 0:00:00]} Rf1 {[%emt 0:02:32]} 65. d6 {[%emt 0:00:00]} Rd1 {[%emt 0:00:26]} 66. g5 {[%emt 0:00:00]} hxg5 {[%emt 0:00:04]} 67. fxg5 {[%emt 0:00:00]} Rf1+ {[%emt 0:00:07]} 68. Bf4 {[%emt 0:00:00]} Ke8 {[%emt 0:01:16]} 69. g6 {[%emt 0:07:09]} Kf8 {[%emt 0:03:59]} 70. Ke5 {[%emt 0:00:54]} Ke8 {[%emt 0:02:15]} 71. Kf5 {[%emt 0:03:02]} Kf8 {[%emt 0:00:04]} 72. Ke4 {[%emt 0:01:08]} Rh1 {[%emt 0:00:51]} 1-0

[Event "CZE Extraliga 2019-20"]
[Site "Czech Republic"]
[Date "2019.10.12"]
[Round "1"]
[White "Kempinski, Robert"]
[Black "Harikrishna, Pentala"]
[Result "1/2-1/2"]
[WhiteElo "2578"]
[BlackElo "2748"]
[Annotator "TA"]
[PlyCount "74"]
[EventDate "2019.10.12"]
[EventType "team-tourn"]
[EventCountry "CZE"]
[SourceTitle "playchess.com"]
[Source "ChessBase"]
[SourceQuality "1"]
[WhiteTeam "Poruba"]
[BlackTeam "India"]
[WhiteTeamCountry "POL"]
[BlackTeamCountry "IND"]

{[%evp 20,74,6,3,4,0,12,20,17,0,0,8,6,7,0,0,6,0,0,0,8,14,13,0,22,0,0,0,0,-2,-8,-14,-9,-31,-35,-49,-39,-34,-52,-70,-71,-86,-85,-83,-84,-189,-183,-149,-28,-82,0,0,0,0,0,0,0]} 1. d4 Nf6 2. c4 e6 3. Nf3 b6 4. a3 Bb7 5. Nc3 d5 6. Bg5 Be7 7. cxd5 Nxd5 8. Bxe7 Qxe7 9. Nxd5 Bxd5 10. e3 O-O 11. Rc1 c5 {E12: Queen's Indian: Unusual White 4th moves, 4 a3, 4 Nc3 Bb7 5 a3 and 4 Nc3 Bb7} (11... Rc8 12. Be2 Bb7 13. O-O {½-½ (13) Zvjaginsev,V (2658)-Khairullin,I (2630) Moscow 2015}) 12. Bc4 Bb7 13. dxc5 $146 ({Predecessor:} 13. O-O Nd7 14. Qe2 Bxf3 15. Qxf3 cxd4 16. exd4 Nf6 17. Ba6 {1-0 (17) Wojcik,W (2185)-Zielinski,M (2027) ICCF email 2006}) 13... bxc5 14. Qe2 Nd7 15. O-O Rab8 16. Rc2 Bc6 17. Rfc1 h6 18. Ne1 Rfd8 19. Nd3 Ba4 20. Rc3 Nb6 21. b3 Be8 22. Nb2 Nxc4 23. Nxc4 Bb5 24. Qc2 Rd5 25. e4 Rd4 26. Ne3 Rbd8 $36 {[%mdl 2048] White is under pressure.} 27. Rxc5 Bd3 28. Qb2 Bxe4 29. Rc8 {Strongly threatening Qxd4.} Kh7 30. Rxd8 Qxd8 31. h3 f5 32. Rc4 (32. Rc8 $17 Qxc8 33. Qxd4) 32... Rd3 $1 $19 33. b4 {[#]} Qd6 (33... Qg5 $1 $17 {[%mdl 512] ( -> ...Rd1+!)} 34. Kh2 Qg6) 34. a4 $11 {[#]} f4 (34... Bxg2 $1 $17 {[%mdl 512] ...Be4 is the strong threat.} 35. Kxg2 (35. Nxg2 Rd1+) 35... Rxe3 {[%mdl 64] Remove Defender} 36. fxe3 Qd5+ {[%mdl 64] Double Attack} 37. Kf2 Qxc4) 35. Rxe4 {The position is equal.} fxe3 {[%cal Rd3d1]} 36. f4 Qd5 37. Qe5 $1 Qxe5 {Accuracy: White = 57%, Black = 73%.} 1/2-1/2

[Event "CZE Extraliga 2019-20"]
[Site "Czech Republic"]
[Date "2019.10.12"]
[Round "1"]
[White "Plat, Vojtech"]
[Black "Rasik, Vitezslav"]
[Result "1/2-1/2"]
[WhiteElo "2573"]
[BlackElo "2470"]
[Annotator "ChessBase"]
[PlyCount "35"]
[EventDate "2019.10.12"]
[EventType "team-tourn"]
[EventCountry "CZE"]
[SourceTitle "playchess.com"]
[Source "ChessBase"]
[SourceQuality "1"]
[WhiteTeam "Lysa nad Labem"]
[BlackTeam "Ostrava"]
[WhiteTeamCountry "CZE"]
[BlackTeamCountry "CZE"]
[TimeControl "40/5400+30:1800+30"]

1. c4 {[%emt 0:00:00]} g6 {[%emt 0:00:00]} 2. Nc3 {[%emt 0:00:00]} Bg7 {[%emt 0:00:00]} 3. g3 {[%emt 0:00:00]} Nf6 {[%emt 0:00:09]} 4. Bg2 {[%emt 0:00:00]} O-O {[%emt 0:00:26]} 5. Nf3 {[%emt 0:00:07]} d6 {[%emt 0:00:19]} 6. d4 {[%emt 0:00:07]} Nc6 {[%emt 0:00:18]} 7. O-O {[%emt 0:00:22]} e5 {[%emt 0:00:38]} 8. dxe5 {[%emt 0:00:05]} Nxe5 {[%emt 0:00:37]} 9. Nxe5 {[%emt 0:04:10]} dxe5 {[%emt 0:00:34]} 10. Qxd8 {[%emt 0:01:03]} Rxd8 {[%emt 0:00:05]} 11. Bg5 {[%emt 0:00:05]} Rd4 {[%emt 0:00:43]} 12. Nd5 {[%emt 0:03:41]} Nxd5 {[%emt 0:01:40]} 13. cxd5 {[%emt 0:04:09]} e4 {[%emt 0:00:45]} 14. Rad1 {[%emt 0:00:11]} Ra4 {[%emt 0:02:56]} 15. Rc1 {[%emt 0:08:00]} Be5 {[%emt 0:26:31]} 16. Bf4 {[%emt 0:05:10]} Bxf4 {[%emt 0:09:20]} 17. gxf4 {[%emt 0:00:01]} Rxa2 {[%emt 0:11:32]} 18. Bxe4 {[%emt 0:00:31]} 1/2-1/2

[Event "CZE Extraliga 2019-20"]
[Site "Czech Republic"]
[Date "2019.10.12"]
[Round "1"]
[White "Babula, Vlastimil"]
[Black "Kanovsky, David"]
[Result "1-0"]
[WhiteElo "2559"]
[BlackElo "2424"]
[Annotator "ChessBase"]
[PlyCount "79"]
[EventDate "2019.10.12"]
[EventType "team-tourn"]
[EventCountry "CZE"]
[SourceTitle "playchess.com"]
[Source "ChessBase"]
[SourceQuality "1"]
[WhiteTeam "Novoborsky"]
[BlackTeam "Poruba"]
[WhiteTeamCountry "CZE"]
[BlackTeamCountry "CZE"]
[TimeControl "40/5400+30:1800+30"]

1. d4 {[%emt 0:00:00]} Nf6 {[%emt 0:00:00]} 2. c4 {[%emt 0:00:00]} c5 {[%emt 0:00:00]} 3. d5 {[%emt 0:00:10]} e6 {[%emt 0:00:00]} 4. Nc3 {[%emt 0:00:19]} exd5 {[%emt 0:00:00]} 5. cxd5 {[%emt 0:00:07]} d6 {[%emt 0:00:03]} 6. Nf3 {[%emt 0:00:23]} g6 {[%emt 0:00:07]} 7. Nd2 {[%emt 0:00:34]} Bg7 {[%emt 0:00:37]} 8. e4 {[%emt 0:00:20]} O-O {[%emt 0:00:12]} 9. Be2 {[%emt 0:00:22]} Na6 {[%emt 0:01:22]} 10. O-O {[%emt 0:00:39]} Ne8 {[%emt 0:00:24]} 11. Nc4 {[%emt 0:01:20]} f5 {[%emt 0:00:43]} 12. Bf4 {[%emt 0:04:11]} g5 {[%emt 0:05:53]} 13. Bd2 {[%emt 0:01:25]} f4 {[%emt 0:00:09]} 14. Re1 {[%emt 0:04:22]} Bd7 {[%emt 0:15:22]} 15. e5 {[%emt 0:06:12]} dxe5 {[%emt 0:05:11]} 16. Bf1 {[%emt 0:19:57]} Bf5 {[%emt 0:06:34]} 17. Nxe5 {[%emt 0:03:20]} Nac7 {[%emt 0:01:37]} 18. h4 {[%emt 0:10:53]} h6 {[%emt 0:22:49]} 19. hxg5 {[%emt 0:01:09]} hxg5 {[%emt 0:00:02]} 20. Na4 {[%emt 0:07:50]} Nxd5 {[%emt 0:09:05]} 21. Qb3 {[%emt 0:01:28]} Nef6 {[%emt 0:10:01]} 22. Rad1 {[%emt 0:02:50]} Kh7 {[%emt 0:00:30]} 23. Nxc5 {[%emt 0:03:58]} Qb6 {[%emt 0:08:40]} 24. Bd3 {[%emt 0:02:17]} Ne7 {[%emt 0:02:57]} 25. Qc2 {[%emt 0:10:50]} Kg8 {[%emt 0:02:51]} 26. Bxf5 {[%emt 0:02:50]} Nxf5 {[%emt 0:00:03]} 27. Na4 {[%emt 0:05:39]} Qb5 {[%emt 0:02:54]} 28. Qxf5 {[%emt 0:00:36]} Qxa4 {[%emt 0:00:11]} 29. Qe6+ {[%emt 0:00:35]} Kh7 {[%emt 0:00:15]} 30. Qf5+ {[%emt 0:03:12]} Kg8 {[%emt 0:00:08]} 31. Qe6+ {[%emt 0:00:04]} Kh7 {[%emt 0:00:05]} 32. Nf7 {[%emt 0:00:30]} Rae8 {[%emt 0:03:59]} 33. Qf5+ {[%emt 0:00:25]} Kg8 {[%emt 0:00:09]} 34. Nxg5 {[%emt 0:00:19]} Qxa2 {[%emt 0:02:08]} 35. Bb4 {[%emt 0:01:24]} Rxe1+ {[%emt 0:01:40]} 36. Rxe1 {[%emt 0:00:05]} Rd8 {[%emt 0:00:11]} 37. Re7 {[%emt 0:04:58]} Qd5 {[%emt 0:00:36]} 38. Qg6 {[%emt 0:01:11]} Qd1+ {[%emt 0:00:42]} 39. Be1 {[%emt 0:00:47]} Nh5 {[%emt 0:00:10]} 40. Re8+ {[%emt 0:01:20]} 1-0

[Event "CZE Extraliga 2019-20"]
[Site "Czech Republic"]
[Date "2019.10.12"]
[Round "1"]
[White "Kriebel, Tadeas"]
[Black "Klima, Lukas"]
[Result "1/2-1/2"]
[WhiteElo "2528"]
[BlackElo "2334"]
[Annotator "ChessBase"]
[PlyCount "121"]
[EventDate "2019.10.12"]
[EventType "team-tourn"]
[EventCountry "CZE"]
[SourceTitle "playchess.com"]
[Source "ChessBase"]
[SourceQuality "1"]
[WhiteTeam "Novoborsky"]
[BlackTeam "Poruba"]
[WhiteTeamCountry "CZE"]
[BlackTeamCountry "CZE"]
[TimeControl "40/5400+30:1800+30"]

1. e4 {[%emt 0:00:00]} c6 {[%emt 0:00:00]} 2. d4 {[%emt 0:00:30]} d5 {[%emt 0:00:30]} 3. e5 {[%emt 0:00:30]} Bf5 {[%emt 0:00:30]} 4. Nf3 {[%emt 0:00:30]} e6 {[%emt 0:00:30]} 5. Be2 {[%emt 0:00:30]} h6 {[%emt 0:00:30]} 6. O-O {[%emt 0:00:30]} Ne7 {[%emt 0:00:30]} 7. Nbd2 {[%emt 0:00:30]} Nd7 {[%emt 0:00:30]} 8. Nb3 {[%emt 0:00:30]} Qc7 {[%emt 0:00:30]} 9. Bd2 {[%emt 0:00:30]} g5 {[%emt 0:00:30]} 10. a4 {[%emt 0:00:30]} Ng6 {[%emt 0:00:30]} 11. Ne1 {[%emt 0:00:30]} g4 {[%emt 0:00:30]} 12. Bxg4 {[%emt 0:00:30]} Bxg4 {[%emt 0:00:30]} 13. Qxg4 {[%emt 0:00:30]} c5 {[%emt 0:00:30]} 14. f4 {[%emt 0:00:30]} Ne7 {[%emt 0:00:30]} 15. Be3 {[%emt 0:00:30]} Nf5 {[%emt 0:00:30]} 16. Bf2 {[%emt 0:00:30]} h5 {[%emt 0:00:30]} 17. Qe2 {[%emt 0:00:30]} c4 {[%emt 0:00:30]} 18. Nc1 {[%emt 0:00:30]} O-O-O {[%emt 0:00:30]} 19. Nf3 {[%emt 0:00:30]} h4 {[%emt 0:00:30]} 20. Ng5 {[%emt 0:00:30]} Nb8 {[%emt 0:00:30]} 21. b3 {[%emt 0:00:30]} Bh6 {[%emt 0:00:30]} 22. Nh3 {[%emt 0:00:30]} Nc6 {[%emt 0:00:30]} 23. c3 {[%emt 0:00:30]} Nce7 {[%emt 0:00:30]} 24. a5 {[%emt 0:00:30]} Kb8 {[%emt 0:00:30]} 25. Be1 {[%emt 0:00:30]} Rhg8 {[%emt 0:00:30]} 26. Ra4 {[%emt 0:00:30]} Rg6 {[%emt 0:00:30]} 27. Rf2 {[%emt 0:00:30]} Rdg8 {[%emt 0:00:30]} 28. Bd2 {[%emt 0:00:30]} Qd7 {[%emt 0:00:30]} 29. Ra1 {[%emt 0:00:30]} Qb5 {[%emt 0:00:30]} 30. Ng5 {[%emt 0:00:30]} Bxg5 {[%emt 0:00:30]} 31. fxg5 {[%emt 0:00:30]} Nc6 {[%emt 0:00:30]} 32. bxc4 {[%emt 0:00:30]} dxc4 {[%emt 0:00:30]} 33. a6 {[%emt 0:00:30]} b6 {[%emt 0:00:30]} 34. Qe4 {[%emt 0:00:30]} Na5 {[%emt 0:00:30]} 35. Ne2 {[%emt 0:00:30]} Qxa6 {[%emt 0:00:30]} 36. d5 {[%emt 0:00:30]} Qb7 {[%emt 0:00:30]} 37. Rd1 {[%emt 0:00:30]} Rd8 {[%emt 0:00:30]} 38. Nf4 {[%emt 0:00:30]} Rgg8 {[%emt 0:00:30]} 39. Qc2 {[%emt 0:00:30]} Qd7 {[%emt 0:00:30]} 40. g6 {[%emt 0:00:30]} fxg6 {[%emt 0:00:30]} 41. Nxe6 {[%emt 0:30:30]} Qxd5 {[%emt 0:30:30]} 42. Nxd8 {[%emt 0:00:30]} Rxd8 {[%emt 0:00:30]} 43. e6 {[%emt 0:00:30]} Qxe6 {[%emt 0:00:30]} 44. Bf4+ {[%emt 0:00:30]} Kc8 {[%emt 0:00:30]} 45. Rxd8+ {[%emt 0:00:30]} Kxd8 {[%emt 0:00:30]} 46. Re2 {[%emt 0:00:30]} Qc6 {[%emt 0:00:30]} 47. Re5 {[%emt 0:00:30]} Kc8 {[%emt 0:00:30]} 48. h3 {[%emt 0:00:30]} Kb7 {[%emt 0:00:30]} 49. Qe2 {[%emt 0:00:30]} Nb3 {[%emt 0:00:30]} 50. Re6 {[%emt 0:00:30]} Qd5 {[%emt 0:00:30]} 51. Rxg6 {[%emt 0:00:30]} Nc5 {[%emt 0:00:30]} 52. Qe8 {[%emt 0:00:30]} Qe4 {[%emt 0:00:30]} 53. Qb8+ {[%emt 0:00:30]} Ka6 {[%emt 0:00:30]} 54. Bc7 {[%emt 0:00:30]} Qb1+ {[%emt 0:00:30]} 55. Kh2 {[%emt 0:00:30]} Ne3 {[%emt 0:00:30]} 56. Rxb6+ {[%emt 0:00:30]} axb6 {[%emt 0:00:30]} 57. Qa8+ {[%emt 0:00:30]} Kb5 {[%emt 0:00:30]} 58. Qe8+ {[%emt 0:00:30]} Ka6 {[%emt 0:00:30]} 59. Qa8+ {[%emt 0:00:30]} Kb5 {[%emt 0:00:30]} 60. Qe8+ {[%emt 0:00:30]} Ka6 {[%emt 0:00:30]} 61. Qa8+ {[%emt 0:00:30]} 1/2-1/2

[Event "CZE Extraliga 2019-20"]
[Site "Czech Republic"]
[Date "2019.10.12"]
[Round "1"]
[White "Oral, Tomas"]
[Black "Malik, Jan"]
[Result "0-1"]
[WhiteElo "2509"]
[BlackElo "2291"]
[Annotator "ChessBase"]
[PlyCount "138"]
[EventDate "2019.10.12"]
[EventType "team-tourn"]
[EventCountry "CZE"]
[SourceTitle "playchess.com"]
[Source "ChessBase"]
[SourceQuality "1"]
[WhiteTeam "Lysa nad Labem"]
[BlackTeam "Ostrava"]
[WhiteTeamCountry "CZE"]
[BlackTeamCountry "CZE"]
[TimeControl "40/5400+30:1800+30"]

1. e4 {[%emt 0:00:00]} c5 {[%emt 0:00:00]} 2. Nf3 {[%emt 0:00:00]} d6 {[%emt 0:00:00]} 3. Bb5+ {[%emt 0:00:00]} Bd7 {[%emt 0:00:00]} 4. Bxd7+ {[%emt 0:00:00]} Qxd7 {[%emt 0:00:00]} 5. c4 {[%emt 0:00:00]} Nf6 {[%emt 0:00:11]} 6. Nc3 {[%emt 0:00:00]} g6 {[%emt 0:00:19]} 7. d4 {[%emt 0:00:16]} cxd4 {[%emt 0:00:07]} 8. Nxd4 {[%emt 0:00:01]} Bg7 {[%emt 0:00:07]} 9. f3 {[%emt 0:00:30]} O-O {[%emt 0:00:20]} 10. Be3 {[%emt 0:00:03]} Nc6 {[%emt 0:01:47]} 11. O-O {[%emt 0:00:27]} a6 {[%emt 0:03:18]} 12. a4 {[%emt 0:01:01]} Rac8 {[%emt 0:02:30]} 13. Rc1 {[%emt 0:15:09]} Nxd4 {[%emt 0:03:12]} 14. Bxd4 {[%emt 0:12:31]} Rxc4 {[%emt 0:00:48]} 15. b3 {[%emt 0:13:17]} Rc6 {[%emt 0:02:21]} 16. f4 {[%emt 0:07:23]} Rfc8 {[%emt 0:01:29]} 17. Qd3 {[%emt 0:08:24]} e5 {[%emt 0:31:07]} 18. Be3 {[%emt 0:00:10]} exf4 {[%emt 0:02:05]} 19. Bd4 {[%emt 0:16:42]} Qe6 {[%emt 0:02:10]} 20. Rb1 {[%emt 0:06:08]} Nh5 {[%emt 0:03:01]} 21. Nd5 {[%emt 0:02:28]} Re8 {[%emt 0:09:08]} 22. Bxg7 {[%emt 0:01:45]} Kxg7 {[%emt 0:00:41]} 23. Nxf4 {[%emt 0:00:18]} Nxf4 {[%emt 0:00:45]} 24. Rxf4 {[%emt 0:00:02]} Rec8 {[%emt 0:01:20]} 25. Rd1 {[%emt 0:03:42]} R8c7 {[%emt 0:04:37]} 26. Rf3 {[%emt 0:04:03]} Qe5 {[%emt 0:02:33]} 27. h3 {[%emt 0:05:03]} Rc1 {[%emt 0:03:53]} 28. Qd2 {[%emt 0:01:09]} Rxd1+ {[%emt 0:06:45]} 29. Qxd1 {[%emt 0:00:02]} Re7 {[%emt 0:00:31]} 30. Kh1 {[%emt 0:02:13]} Rd7 {[%emt 0:04:35]} 31. Qd3 {[%emt 0:01:07]} d5 {[%emt 0:00:19]} 32. exd5 {[%emt 0:00:49]} Rxd5 {[%emt 0:00:08]} 33. Qc4 {[%emt 0:01:00]} b5 {[%emt 0:03:55]} 34. axb5 {[%emt 0:00:32]} axb5 {[%emt 0:00:03]} 35. Qf4 {[%emt 0:00:29]} Qxf4 {[%emt 0:00:44]} 36. Rxf4 {[%emt 0:00:01]} f5 {[%emt 0:00:18]} 37. Kh2 {[%emt 0:01:04]} Kf6 {[%emt 0:00:18]} 38. Rb4 {[%emt 0:00:32]} g5 {[%emt 0:00:26]} 39. h4 {[%emt 0:00:28]} h6 {[%emt 0:00:22]} 40. hxg5+ {[%emt 0:00:00]} hxg5 {[%emt 0:00:00]} 41. g4 {[%emt 0:05:31]} fxg4 {[%emt 0:02:28]} 42. Rxg4 {[%emt 0:03:27]} Kf5 {[%emt 0:00:51]} 43. Rb4 {[%emt 0:00:44]} Ke5 {[%emt 0:00:40]} 44. Kg2 {[%emt 0:02:34]} Kd6 {[%emt 0:00:08]} 45. Rg4 {[%emt 0:06:12]} Rf5 {[%emt 0:01:04]} 46. Rd4+ {[%emt 0:01:31]} Kc5 {[%emt 0:00:12]} 47. Rg4 {[%emt 0:00:09]} Rf4 {[%emt 0:04:43]} 48. Rxg5+ {[%emt 0:00:04]} Kb4 {[%emt 0:00:07]} 49. Rh5 {[%emt 0:04:10]} Rf8 {[%emt 0:00:23]} 50. Rg5 {[%emt 0:00:27]} Rb8 {[%emt 0:01:18]} 51. Rg3 {[%emt 0:00:31]} Ka3 {[%emt 0:00:35]} 52. Kf2 {[%emt 0:02:14]} Re8 {[%emt 0:00:06]} 53. Rh3 {[%emt 0:04:18]} b4 {[%emt 0:00:12]} 54. Rf3 {[%emt 0:00:06]} Kb2 {[%emt 0:00:05]} 55. Rh3 {[%emt 0:00:10]} Kc2 {[%emt 0:00:09]} 56. Rf3 {[%emt 0:01:18]} Rd8 {[%emt 0:00:23]} 57. Ke2 {[%emt 0:00:11]} Rd2+ {[%emt 0:00:30]} 58. Ke1 {[%emt 0:00:05]} Rd3 {[%emt 0:00:15]} 59. Rf4 {[%emt 0:00:42]} Kxb3 {[%emt 0:00:10]} 60. Ke2 {[%emt 0:00:11]} Rd5 {[%emt 0:00:09]} 61. Rf8 {[%emt 0:00:52]} Kb2 {[%emt 0:00:13]} 62. Rb8 {[%emt 0:00:24]} b3 {[%emt 0:00:08]} 63. Ke3 {[%emt 0:00:03]} Kc2 {[%emt 0:00:11]} 64. Rc8+ {[%emt 0:00:21]} Kb1 {[%emt 0:00:14]} 65. Ke4 {[%emt 0:01:17]} Rd7 {[%emt 0:00:10]} 66. Ke3 {[%emt 0:00:07]} b2 {[%emt 0:00:05]} 67. Ra8 {[%emt 0:01:25]} Rd5 {[%emt 0:00:51]} 68. Ke4 {[%emt 0:00:45]} Rd2 {[%emt 0:01:27]} 69. Ke3 {[%emt 0:00:29]} Kc1 {[%emt 0:00:24]} 0-1